| 000 | 00478cam a2200145 4500500 | ||
|---|---|---|---|
| 005 | 20260322001356.0 | ||
| 041 | _afre | ||
| 042 | _adc | ||
| 100 | 1 | 0 |
_aPayen, Pascal _eauthor |
| 245 | 0 | 0 | _aLes Grecs aimaient-ils la guerre ? |
| 260 | _c2019. | ||
| 500 | _a56 | ||
| 786 | 0 | _nL'Histoire - Les Collections | 82 | 1 | 2019-01-10 | p. 54-59 | 2727-6945 | |
| 856 | 4 | 1 | _uhttps://shs.cairn.info/magazine-hist-l-hisoire-les-collections-2019-1-page-54?lang=fr&redirect-ssocas=7080 |
| 999 |
_c1714251 _d1714251 |
||